| 000 | 02263nam a22003377a 4500 | ||
|---|---|---|---|
| 005 | 20240530110454.0 | ||
| 008 | 150527s2011 ua a g b 000 0 ara d | ||
| 017 |
_a9789773771307 ( مج 1 ) _bمصر . دار الكتب المصرية |
||
| 017 | _a9789773771314 ( مج 2 ) | ||
| 040 | _aEG-CaGPL | ||
| 082 | 0 | 4 |
_221 _a332.1\ _bص م |
| 100 | 0 | _aصلاح الدين حسن السيسى . | |
| 245 | 1 | 2 |
_aالموسوعة المصرفية العلمية و العملية / _cصلاح الدين حسن السيسى . _nالجزء الاول _pاهمية و انواع البنوك و تطوير الجهاز المصرفى المصرى وهيكله و ادارته : مصادر اموال البنوك و استخداماتها و ايرادات و مصروفات البنوك : الحسابات و الخدمات المصرفية و المخاطر المصرفية . _nالجزء الثانى _pنظم المحاسبة و الرقابة المصرفية و تقييم اداء البنوك : البنوك الاسلامية و البنوك الشاملة و البنك المركزى المصرى : البنوك و البورصات و الخصخصة و التمويل العقارى و دراسات الجدوى الاقتصادية و تقييم المشروعات : البنوك و منظمة التجارة العالمية و تحرير الخدمات المالية و غسيل الاموال و الازمات المالية والاقتصادية العالمية |
| 250 | _aط1. | ||
| 260 |
_aالقاهرة : _bمجموعة النيل العربية ، _c2011. |
||
| 300 |
_a2 مج : _bايض ؛ _c24 سم. |
||
| 650 | 0 | 4 | _aالبنوك . |
| 650 | 0 | 4 | _aغسيل الاموال . |
| 650 | 0 | 4 | _aمنظمة التجارة العالمية . |
| 650 | 0 | 4 | _aالتمويل العقارى . |
| 650 | 0 | 4 | _aالخصخصة . |
| 650 | 0 | 4 | _aالبنك المركزى المصرى . |
| 650 | 0 | 4 | _aالبنوك الشاملة . |
| 650 | 0 | 4 | _aالبنوك الاسلامية . |
| 650 | 0 | 4 |
_aالبنوك _xمواصفات الامان . |
| 650 | 0 | 4 |
_aالبنوك _zمصر |
| 650 | 0 | 4 |
_aالبنوك _xتنظيم و ادارة. |
| 650 | 0 | 4 | _aالحماية المصرفية . |
| 942 |
_2ddc _cBK |
||
| 999 |
_c61323 _d61323 |
||